00401nam a2200109Ia 4500008004100000050002300041100001700064245006900081260008600150300002800236521002700264140724s9999 xx 000 0 und d aT 58.5b.P348 2009 aPaz, Karl T. aLabel tracking system for Temic Automotive, Inc. /cKarl T. Paz. aLas Piñas, Philippines :bSouthville International School and Colleges,cc2009. a57 p. :bill. ;c28 cm. aInformation Technology